Software engineering: a practitioner's approach (Record no. 4201)

000 -LEADER
fixed length control field 00654 a2200181 4500
020 ## - INTERNATIONAL STANDARD BOOK NUMBER
International Standard Book Number 0071240837
040 ## - CATALOGING SOURCE
Original cataloging agency DLC
Language of cataloging DLC
082 00 - DEWEY DECIMAL CLASSIFICATION NUMBER
Classification number 005.1
100 1# - MAIN ENTRY--PERSONAL NAME
Personal name Pressman, Roger S.
245 10 - TITLE STATEMENT
Title Software engineering: a practitioner's approach
Remainder of title a practitioner's approach
Statement of responsibility, etc. Roger S. Pressman.
250 ## - EDITION STATEMENT
Edition statement 6th ed.
260 ## - PUBLICATION, DISTRIBUTION, ETC.
Place of publication, distribution, etc. Boston, Mass. :
Name of publisher, distributor, etc. McGraw-Hill,
Date of publication, distribution, etc. c2005.
300 ## - PHYSICAL DESCRIPTION
Extent 912 p. :
Other physical details ill. ;
Dimensions 24 cm.
650 #0 - SUBJECT ADDED ENTRY--TOPICAL TERM
Topical term or geographic name entry element Software engineering.
856 41 - ELECTRONIC LOCATION AND ACCESS
Materials specified Table of contents
Uniform Resource Identifier <a href="http://www.loc.gov/catdir/toc/ecip0411/2003026394.html">http://www.loc.gov/catdir/toc/ecip0411/2003026394.html</a>
856 41 - ELECTRONIC LOCATION AND ACCESS
Materials specified Publisher description
Uniform Resource Identifier <a href="http://www.loc.gov/catdir/enhancements/fy0702/2003026394-d.html">http://www.loc.gov/catdir/enhancements/fy0702/2003026394-d.html</a>
942 ## - ADDED ENTRY ELEMENTS (KOHA)
Koha item type Book
Call number prefix 005.1 PRE
Source of classification or shelving scheme
Holdings
Withdrawn status Lost status Damaged status Not for loan Collection code Permanent Location Current Location Shelving location Date acquired Source of acquisition Cost, normal purchase price Total Checkouts Full call number Barcode Date last seen Date last checked out Price effective from Koha item type
          Central Library (CL) Central Library (CL) First Floor - Software Engineering/ Programming Language 02/10/2005 Allied Book Company 608.50 1 005.1 PRE SEECS005293 02/02/2015 01/27/2015 01/05/2017 Book
          Central Library (CL) Central Library (CL) First Floor - Software Engineering/ Programming Language 02/10/2005 Allied Book Company 608.50 1 005.1 PRE SEECS005291 02/14/2015 09/06/2014 01/05/2017 Book
          Central Library (CL) Central Library (CL) First Floor - Software Engineering/ Programming Language 02/10/2005 Allied Book Company 608.50 2 005.1 PRE SEECS005294 10/13/2015 09/05/2015 01/05/2017 Book
          Central Library (CL) Central Library (CL) First Floor - Software Engineering/ Programming Language 04/07/2014     1 005.1 PRE SEECSD00202 02/14/2015 09/10/2014 01/05/2017 Book
          Central Library (CL) Central Library (CL) First Floor - Software Engineering/ Programming Language 02/10/2005 Allied Book Company 608.50 2 005.1 PRE SEECS005292 02/13/2023 02/13/2023 01/05/2017 Book
          Central Library (CL) Central Library (CL) First Floor - Software Engineering/ Programming Language 04/07/2014     2 005.1 PRE SEECS001194 02/17/2015 09/13/2014 01/05/2017 Book
          Central Library (CL) Central Library (CL) First Floor - Software Engineering/ Programming Language 04/07/2014     1 005.1 PRE SEECSD00336 10/21/2014 10/19/2014 01/05/2017 Book
          Central Library (CL) Central Library (CL) First Floor - Software Engineering/ Programming Language 06/27/2013 Donation 0.00   005.1 PRE SEECSD00921 07/12/2013   07/12/2013 Book
          Central Library (CL) Central Library (CL) First Floor - Software Engineering/ Programming Language 06/10/2015 Donation     005.1 PRE SEECSD01136 06/22/2015   06/22/2015 Book
© 2023 Central Library, National University of Sciences and Technology. All Rights Reserved.